000 00625nam a2200217 a 4500
005 20140310183337.0
008 061024s19uu xx 00 eng d
020 _a0030970857
050 _aHG 4011
_b.W42 1993
100 _aWeston, Fred J.
245 _aEssentials of managerial finance/.
_cJ. Fred Weston
250 _a10th ed.
260 _aForth Worth, U.S.A :
_bThe Dryden Press,
_c1993.
300 _a992 p. :
_bill. col. ;
_c25 cm.
440 _aThe Dryden Series in Finance.
521 _aBSBA
650 _aCorporations
_xFinance.
700 _aBrigham, Eugene F.
942 _cBK
_2lcc
_kFOR
999 _c21719
_d21719